书目信息 |
| 题名: |
中国产业转移年度报告
|
|
| 作者: | ;国家工业信息安全发展研究中心 主编 | |
| 分册: | 2019-2020 | |
| 出版信息: | 北京 电子工业出版社 2020.07 |
|
| 页数: | x, 226页 | |
| 开本: | 26cm | |
| 丛书名: | ||
| 单 册: | ||
| 中图分类: | F269.2 | |
| 科图分类: | ||
| 主题词: | 产业转移--chan ye zhuan yi--研究报告--中国--2019-2020 | |
| 电子资源: | ||
| ISBN: | 978-7-121-39713-4 | |
| 000 | 01252nam0 2200265 450 | |
| 001 | CAL 0120203102391 | |
| 005 | 20230217093111.0 | |
| 010 | @a978-7-121-39713-4@dCNY198.00 | |
| 100 | @a20201111d2020 em y0chiy0120 ea | |
| 101 | 0 | @achi |
| 102 | @aCN@b110000 | |
| 105 | @aa a 000yy | |
| 106 | @ar | |
| 200 | 1 | @a中国产业转移年度报告@Azhong guo chan ye zhuan yi nian du bao gao@h2019-2020@f国家工业信息安全发展研究中心主编 |
| 210 | @a北京@c电子工业出版社@d2020.07 | |
| 215 | @ax, 226页@c图@d26cm | |
| 312 | @a英文题名取自封面 | |
| 320 | @a有书目 (第221-226页) | |
| 330 | @a本书跟踪当前全球及我国产业转移与合作的特点和趋势, 对2019-2020年度京津冀地区、长江经济带、泛珠三角区域、东北地区及“一带一路”沿线省区市等我国重点区域开展产业转移的情况进行了分析和研究。报告还从企业和园区两个维度, 总结典型企业开展全球和国内业务布局及转移的有关情况, 展示典型园区产业转移合作开展的做法与园区服务保障经验。 | |
| 510 | 1 | @aAnnual report on China's industrial transfer@h2019-2020@zeng |
| 606 | 0 | @a产业转移@Achan ye zhuan yi@x研究报告@y中国@z2019-2020 |
| 690 | @aF269.2@v5 | |
| 711 | 02 | @a国家工业信息安全发展研究中心@Aguo jia gong ye xin xi an quan fa zhan yan jiu zhong xin@4主编 |
| 801 | 0 | @aCN@bBJXHZP@c20230228 |
| 905 | @b1395486-9@dF269.2@e349@f4 | |
| 中国产业转移年度报告.2019-2020/国家工业信息安全发展研究中心主编.-北京:电子工业出版社,2020.07 |
| x, 226页:图;26cm |
| ISBN 978-7-121-39713-4:CNY198.00 |
| 本书跟踪当前全球及我国产业转移与合作的特点和趋势, 对2019-2020年度京津冀地区、长江经济带、泛珠三角区域、东北地区及“一带一路”沿线省区市等我国重点区域开展产业转移的情况进行了分析和研究。报告还从企业和园区两个维度, 总结典型企业开展全球和国内业务布局及转移的有关情况, 展示典型园区产业转移合作开展的做法与园区服务保障经验。 |
| ● |
| 相关链接 |
|
|
|
|
正题名:中国产业转移年度报告
索取号:F269.2/349
 
预约/预借
| 序号 | 登录号 | 条形码 | 馆藏地/架位号 | 状态 | 备注 |
| 1 | 1395486 | 213954862 | 第一样本阅览室/ [索取号:F269.2/349] | 在馆 | |
| 2 | 1395487 | 213954871 | 第一借阅区/ [索取号:F269.2/349] | 在馆 | |
| 3 | 1395488 | 213954880 | 第一借阅区/ [索取号:F269.2/349] | 在馆 | |
| 4 | 1395489 | 213954899 | 第一借阅区/ [索取号:F269.2/349] | 在馆 |